Catàleg del Col·legi de Periodistes de Catalunya

Gran Enciclopèdia Catalana (Registre núm. 4650)

000 -CABECERA
Longitud fija campo de control 00633nam a2200181 a 4500
001 - NÚMERO DE CONTROL
Número de control 4650
003 - IDENTIFICADOR DEL NÚMERO DE CONTROL
Identificador del número de control CDMR
005 - FECHA Y HORA DE LA ÚLTIMA TRANSACCIÓN
Fecha y hora de la última transacción 20130920105738.0
008 - CÓDIGOS DE INFORMACIÓN DE LONGITUD FIJA
Códigos de información de longitud fija 130130s1970||||||||||||||||||||||||||||d
040 ## - FUENTE DE LA CATALOGACIÓN
Centro catalogador de origen CDMR
Lengua de catalogación cat
Centro transcriptor CDMR
245 #0 - MENCIÓN DE TÍTULO
Título Gran Enciclopèdia Catalana
260 ## - PUBLICACIÓN, DISTRIBUCIÓN, ETC. (PIE DE IMPRENTA)
Lugar de publicación, distribución, etc. Barcelona
Fecha de publicación, distribución, etc. 1970-
Nombre del editor, distribuidor, etc. Enciclopèdia Catalana
300 ## - DESCRIPCIÓN FÍSICA
Extensión v.
Otras características físicas il. col.
500 ## - NOTA GENERAL
Nota general Volums 1-3 (1970-1971) editats per Edicions 62
505 ## - NOTA DE CONTENIDO CON FORMATO
Nota de contenido con formato Conté: Vol. 1 (A - A mi) -15 (u - Zw) ; vol. 16 (Suplement A-Z) - 22 (Setè suplement A-Z)
856 40 - LOCALIZACIÓN Y ACCESO ELECTRÓNICO
Identificador Uniforme del Recurso (URI) <a href="http://www.enciclopedia.cat/">http://www.enciclopedia.cat/</a>
Texto del enlace Disponible en línia a través del portal Enciclopèdia.cat
942 ## - ENTRADA DE ELEMENTOS AGREGADOS (KOHA)
Koha [por defecto] tipo de item Referència i consulta general
Fuente de clasificaión o esquema
Fons
Suprimido Perdido Estropeado No para pr&eacute;stamo Localizaci&oacute;n permanente Localizaci&oacute;n actual Fecha adquisici&oacute;n Pr&eacute;stamos totales Signatura completa C&oacute;digo de barras Fecha &uacute;ltima consulta Fecha del precio de reemplazo Tipo de item de Koha
        Centre de Documentació Montserrat Roig Centre de Documentació Montserrat Roig 2013-01-16   Aa CDMR1312613658 2013-01-16 2013-01-16 Referència i consulta general

Implantat amb Koha